| 000 | 01209nam0a2200337 4500 | ||
|---|---|---|---|
| 001 | RU\NLR\bibl\1784610 | ||
| 005 | 20260406132644.0 | ||
| 010 |
_a978-5-901415-53-5 _91000 |
||
| 021 |
_aRU _b2011-43629 _93094 |
||
| 035 | _a(NLR Aleph) 001775343 | ||
| 090 |
_a1663652 _c1663652 |
||
| 100 | _a20110701d2011 |||y0rusy50 ca | ||
| 101 | 1 |
_arus _cund |
|
| 102 | _aRU | ||
| 105 | _aa ||||||||| | ||
| 200 | 1 |
_aМысли на каждый день _e[перевод] _fОмраам Микаэль Айванхов |
|
| 210 |
_aМосква _cПросвета _d2011 |
||
| 215 |
_a393 с. _cил. _d16 |
||
| 300 | _aНа 4-й с. обл. авт.: философ и педагог, Учитель О.М. Айванхов | ||
| 320 | _aАлф. указ.: с. 377-393 | ||
| 601 | 0 | 2 |
_aВсемирное Белое Братство _92079262 _3RU\NLR\AUTH\661255139 |
| 686 | _aЭ378.151.18 | ||
| 700 | 1 |
_4070 _8rus _7ca _aАйванхов _bО. М. _f1900-1986 _gОмраам Микаэль _3RU\NLR\auth\771946 _9111963 |
|
| 801 | 0 |
_aRU _bNLR _c20110701 _gRCR |
|
| 801 | 1 |
_aRU _bNLR _c20110701 |
|
| 942 | _cBOOK | ||
| 980 | _aNB | ||
| 980 | _aNBR | ||